000 00583nam a2200181Ia 4500
008 151018s9999 xx 000 0 und d
082 _bRBASDV6158
_a920
100 _aबा ब देवधर
245 _aश्रीकृष्णचैतन्य
250 _b1
260 _bबापू बळवंत देवधर
_c1913
300 _a0
600 _aबा ब देवधर
630 _aश्रीकृष्णचैतन्य
700 _aबा ब देवधर
730 _aश्रीकृष्णचैतन्य
942 _cBOOK
999 _c1008536
_d1008533